| 000 | 00395nam a2200169Ia 4500 | ||
|---|---|---|---|
| 005 | 20250626024935.0 | ||
| 008 | 240331s9999 xx 000 0 und d | ||
| 020 | _a9555536585 | ||
| 082 |
_bRAS _a306 |
||
| 100 | _aRasnek, B | ||
| 245 | 0 | _aPaula ha Samajaya | |
| 260 |
_aDivulupitiya _bSaraswathi Publishers _c2011 |
||
| 300 | _a151 p ., | ||
| 650 | _aFamily | ||
| 650 | _aSociety | ||
| 942 | _cL | ||
| 999 |
_c5753 _d5753 |
||